Liedtext - Tekkno Train - Electric Callboy - Statistiken

Allgemein
  • Dieses Quiz wurde 15 mal gespielt
  • Das Durchschnittsergebnis liegt bei 277 aus 458
Antwortstatistiken
Antwort % Korrekt
I
100%
the
100%
The
100%
train
100%
You
100%
you
100%
On
93%
on
93%
Tekkno
93%
a
87%
my
87%
dinner
80%
for
80%
it
80%
make
80%
is
73%
one
73%
ready
73%
Ride
73%
ride
73%
spaghetti
73%
That
73%
to
73%
To
73%
whole
73%
Choo
67%
choo
67%
it's
67%
It's
67%
need
67%
new
67%
of
67%
riding
67%
There
67%
there
67%
up
67%
we're
67%
We're
67%
where
67%
world
67%
And
60%
and
60%
explore
60%
Licky
60%
licky
60%
lolly
60%
love
60%
poppy
60%
sound
60%
sucky
60%
take
60%
your
60%
Your
60%
go
53%
in
53%
Open
53%
rail
53%
sweaty
53%
uh
53%
yeah
53%
adore
47%
get
47%
lipstick
47%
right
47%
V
47%
when
47%
Yeah
47%
all
40%
All
40%
bass
40%
better
40%
Candy
40%
deep
40%
Destination
40%
feet
40%
got
40%
Heat
40%
heat
40%
inside
40%
now
40%
seat
40%
Shakey
40%
shakey
40%
time
40%
want
40%
69
33%
above
33%
attention
33%
can't
33%
'Cause
33%
lost
33%
over
33%
platform
33%
please
33%
pounding
33%
P-p-pleasure
33%
really
33%
sauce
33%
sorry
33%
stop
33%
This
33%
too
33%
valley
33%
what
33%
A-M-P
27%
any
27%
Boom
27%
boom
27%
City
27%
Climax
27%
enjoyment
27%
feel
27%
gonna
27%
have
27%
out
27%
pow
27%
schedule
27%
service
27%
Through
27%
again
20%
ahead
20%
arriving
20%
hand
20%
Hand
20%
late
20%
line
20%
Next
20%
rolling
20%
see
20%
stay
20%
Before
13%
cake
13%
down
13%
face
13%
getting
13%
hold
13%
messy
13%
same
13%
standing
13%
tight
13%
town
13%
week
13%
blame
7%
but
7%
EC
7%
feast
7%
free
7%
I'm
7%
lands
7%
nature
7%
piece
7%
plain
7%
stuff
7%
taking
7%
they're
7%
us
7%
wet
7%
you'll
0%
Keine übereinstimmenden Quizze gefunden
Verteilung der Resultate
Anzahl Personen mit jedem Resultat
Perzentil nach korrekt beantworteten Fragen
Ihre Resultats-Entwicklung
Sie haben dieses Quiz noch nicht gespielt